000 00674nam a22002297a 4500
005 20170124110008.0
010 _a551702
020 _c25.00
035 _a551702
037 _bCen Lib/Ret
040 _aDPL
_bEN
082 _a352.026
_bAGA
100 _aAgarwal, R.D.
_917245
245 _aLaw of municipal corporations /
_cby R.D. Agarawal
260 _bLaw Book Com.
_aAllahabad
_c1969
270 _bAllahabad
_asadar patel margh
300 _aliv, 622p.
_c23cm(Hb)
500 _aIncludes bibliographical references and index
650 _aMunicipal Law
_973364
650 _aMunicipal coporation
_917246
942 _2ddc
_cEN
_h352.026
_mAGA
999 _c126328
_d126328